Amy Pond's Afterword (Doctor Who) - Statistics

General Stats
  • This quiz has been taken 27 times
  • The average score is 145 of 198
Answer Stats
Answer % Correct
a
93%
be
93%
be.
93%
by
93%
By
93%
I
93%
the
93%
will
93%
do
86%
Go
86%
go
86%
her.
86%
her
86%
is
86%
love
86%
man
86%
me,
86%
me.
86%
of
86%
Rory
86%
So
86%
so
86%
to
86%
we
86%
who
86%
you
86%
you,
86%
And
79%
and
79%
Doctor.
79%
for
79%
gone.
79%
gone,
79%
here
79%
in
79%
long
79%
read
79%
Tell
79%
that
79%
this
79%
time
79%
Williams.
79%
Afterword
71%
Amelia
71%
are,
71%
are
71%
ends.
71%
garden.
71%
girl
71%
give
71%
going
71%
how
71%
it
71%
know
71%
little
71%
lived
71%
lived,
71%
on
71%
Pond.
71%
She's
71%
she's
71%
story.
71%
story
71%
There's
71%
wait
71%
waiting
71%
with
71%
about
64%
all
64%
alone,
64%
always.
64%
Don't
64%
ever
64%
friend.
64%
happy.
64%
Hello
64%
last
64%
lot
64%
never
64%
old
64%
one
64%
she'll
64%
She'll
64%
space.
64%
well,
64%
were
64%
we're
64%
while.
64%
while,
64%
fall
57%
fight
57%
forget.
57%
hope.
57%
hope
57%
more
57%
need
57%
outer
57%
page.
57%
save
57%
should
57%
these
57%
thing
57%
think
57%
whale
57%
who'll
57%
won't
57%
words,
57%
years
57%
above
50%
coming
50%
greatest
50%
if
50%
painter
50%
pirates.
50%
though.
50%
very
50%
worry
50%
2000
43%
back
43%
days
43%
else,
43%
keep
43%
might
43%
once
43%
patient,
43%
safe.
43%
which
43%
sea
36%
Sometimes,
36%
No matching quizzes found
Score Distribution
Percent of People with Each Score
Percentile by Number Answered
Your Score History
You have not taken this quiz